Cambridge english worldwide

সংরক্ষণ করুন:
গ্রন্থ-পঞ্জীর বিবরন
প্রধান লেখক: Littlejohn, Andrew
বিন্যাস: গ্রন্থ
ভাষা:Undetermined
প্রকাশিত: Cambridge Cambridge University Press 2001
বিষয়গুলি:
ট্যাগগুলো: ট্যাগ যুক্ত করুন
কোনো ট্যাগ নেই, প্রথমজন হিসাবে ট্যাগ করুন!
Thư viện lưu trữ: Trung tâm Học liệu Trường Đại học Cần Thơ
LEADER 00556nam a2200193Ia 4500
001 CTU_120878
008 210402s9999 xx 000 0 und d
082 |a 428.0071 
082 |b L778/Cas.3 
100 |a Littlejohn, Andrew 
245 0 |a Cambridge english worldwide 
245 0 |c Andrew Littlejohn, Diana Hicks 
260 |a Cambridge 
260 |b Cambridge University Press 
260 |c 2001 
650 |a English language 
650 |x Textbooks for foreign speakers 
904 |i M.Loan 
980 |a Trung tâm Học liệu Trường Đại học Cần Thơ